| 000 | 00351 a2200145 4500 | ||
|---|---|---|---|
| 999 |
_c414380 _d414380 |
||
| 003 | NUST | ||
| 005 | 20191016121512.0 | ||
| 038 | _aMSOHAIL | ||
| 082 | _a0 | ||
| 100 |
_aMaulana Inayatullah Khan Mashriqi _924121 |
||
| 245 | _aTazkira | ||
| 260 |
_aLahore _bAl-Tazkira Publication |
||
| 300 |
_a575,P; _c28cm _eH.B. |
||
| 942 |
_aNUST-NIT SCEE _cBK _cBK _2ddc |
||